000
00211nam a22000857a 4500
008
161201b xxu||||| |||| 00| 0 eng d
100
_9
1705
_a
Shankar.A
245
_a
Sonalis friends
260
_a
New Delhi
_b
N.D CBT
_c
2007
999
_c
4418
_d
4418